Riverine ecology / (Record no. 81802)
[ view plain ]
| 000 -LEADER | |
|---|---|
| fixed length control field | 01336nam a2200361 a 4500 |
| 001 - CONTROL NUMBER | |
| control field | 81802 |
| 003 - CONTROL NUMBER IDENTIFIER | |
| rucl marc code | BD-RjUL |
| 005 - DATE AND TIME OF LATEST TRANSACTION | |
| control field | 20230829110148.0 |
| 008 - FIXED-LENGTH DATA ELEMENTS--GENERAL INFORMATION | |
| fixed length control field | 210316s2021 sz ob 001 0 eng d |
| 020 ## - INTERNATIONAL STANDARD BOOK NUMBER | |
| International Standard Book Number | 9783030538965 |
| International Standard Book Number | 9783030538972 |
| Qualifying information | (electronic bk.) |
| Canceled/invalid ISBN | 3030538966 |
| Canceled/invalid ISBN | 9783030538965 |
| International Standard Book Number | 9783030539405 |
| International Standard Book Number | 9783030539412 |
| 035 ## - SYSTEM CONTROL NUMBER | |
| System control number | (BD-RjUL)81802 |
| 040 ## - CATALOGING SOURCE | |
| Original cataloging agency | YDX |
| Language of cataloging | eng |
| Description conventions | pn |
| Transcribing agency | YDX |
| Modifying agency | BD-RjUL |
| -- | DKU |
| 041 ## - LANGUAGE CODE | |
| Language code of text/sound track or separate title | eng |
| 082 04 - DEWEY DECIMAL CLASSIFICATION NUMBER | |
| Edition number | 23 |
| Classification number | 577.64 |
| Author mark and year | CHR 2021 |
| 100 1# - MAIN ENTRY--PERSONAL NAME | |
| Personal name | Chakraborty, Susanta Kumar, |
| Dates associated with a name | 1960- |
| 9 (RLIN) | 8655 |
| 245 10 - TITLE STATEMENT | |
| Title | Riverine ecology / |
| Statement of responsibility, etc. | Susanta Kumar Chakraborty. |
| 260 ## - PUBLICATION, DISTRIBUTION, ETC. (IMPRINT) | |
| Place of publication, distribution, etc. | Cham : |
| Name of publisher, distributor, etc. | Springer, |
| Date of publication, distribution, etc. | 2021. |
| 300 ## - PHYSICAL DESCRIPTION | |
| Pagination | V.: |
| Illustrations | ill.; |
| Size | 24 cm. |
| 336 ## - CONTENT TYPE | |
| Content type term | text |
| Content type code | txt |
| Source | rdacontent |
| 337 ## - MEDIA TYPE | |
| Media type term | computer |
| Media type code | c |
| Source | rdamedia |
| 338 ## - CARRIER TYPE | |
| Carrier type term | online resource |
| Carrier type code | cr |
| Source | rdacarrier |
| 347 ## - DIGITAL FILE CHARACTERISTICS | |
| File type | text file |
| 504 ## - BIBLIOGRAPHY, ETC. NOTE | |
| Bibliography, etc | Includes bibliographical references and index. |
| 505 01 - FORMATTED CONTENTS NOTE | |
| Formatted contents note | Vol.1 Eco-functionality of the physical environment of rivers-- V.2 Biodiversity conservation, conflicts and resolution-- |
| 650 #0 - SUBJECT ADDED ENTRY--TOPICAL TERM | |
| Topical term or geographic name as entry element | Stream ecology. |
| 9 (RLIN) | 8656 |
| 776 08 - ADDITIONAL PHYSICAL FORM ENTRY | |
| Relationship information | Print version: |
| Main entry heading | Chakraborty, Susanta Kumar, 1960- |
| Title | Riverine ecology. Volume 1, Eco-functionality of the physical environment of rivers. |
| Place, publisher, and date of publication | Cham : Springer, 2021 |
| International Standard Book Number | 3030538966 |
| -- | 9783030538965 |
| Record control number | (OCoLC)1159043014 |
| 942 ## - ADDED ENTRY ELEMENTS (KOHA) | |
| Source of classification or shelving scheme | Dewey Decimal Classification |
| Koha item type | Books |
| Lost status | Source of classification or shelving scheme | Damaged status | Not for loan | Collection code | Permanent Location | Current Location | Shelving location | Date acquired | Source of acquisition | Cost, normal purchase price | Total Checkouts | Full call number | Date last seen | Copy number | Koha item type |
|---|---|---|---|---|---|---|---|---|---|---|---|---|---|---|---|
| Dewey Decimal Classification | Not For Loan | Non-fiction | Central Library, University of Rajshahi | Central Library, University of Rajshahi | Reading Room | 05/06/2023 | Dhaka : Page mark | 9512.32 | 577.64 CHR V-1 2021 | 29/08/2023 | C-1 | Books | |||
| Dewey Decimal Classification | Non-fiction | Central Library, University of Rajshahi | Central Library, University of Rajshahi | General Stacks | 05/06/2023 | Dhaka : Page mark | 9512.32 | 577.64 CHR V-1 2021 | 29/08/2023 | C-2 | Books | ||||
| Dewey Decimal Classification | Not For Loan | Non-fiction | Central Library, University of Rajshahi | Central Library, University of Rajshahi | Reading Room | 05/06/2023 | Dhaka : Page mark | 9512.32 | 577.64 CHR V-2 2021 | 29/08/2023 | C-1 | Books | |||
| Dewey Decimal Classification | Non-fiction | Central Library, University of Rajshahi | Central Library, University of Rajshahi | General Stacks | 05/06/2023 | Dhaka : Page mark | 9512.32 | 577.64 CHR V-2 2021 | 29/08/2023 | C-2 | Books |